| 000 | 00758cam a22002413a 4500 | ||
|---|---|---|---|
| 001 | 13061 | ||
| 003 | PGUSA | ||
| 005 | 20140828083300.0 | ||
| 008 | 040731s2004||||xxu|||||s|||||000 | eng d | ||
| 040 |
_aPGUSA _beng |
||
| 042 | _adc | ||
| 050 | 4 | _aAP | |
| 245 | 1 | 0 |
_aLippincott's Magazine of Popular Literature and Science, Volume 15, No. 87, March, 1875 _h[electronic resource] / _cVarious |
| 260 |
_bProject Gutenberg, _c2004 |
||
| 506 | _aPublic domain in the USA. | ||
| 516 | _aElectronic text | ||
| 653 | _aLiterature, Modern -- 19th century -- Periodicals | ||
| 653 | _aScience -- Periodicals | ||
| 700 | 1 |
_aKirk, John Foster, _d1824-1904 |
|
| 830 | 0 |
_aProject Gutenberg _v13061 |
|
| 856 | 4 | 0 | _uhttp://www.gutenberg.org/ebooks/13061 |
| 942 | _cEB | ||
| 999 |
_c242316 _d242316 |
||